| 000 | 00000nam##2200000za#4500 |
| 001 | 9.643612 |
| 003 | CaOODSP |
| 005 | 20210624224241 |
| 007 | cr ||||||||||| |
| 008 | 150407|1997||||xxc|||||o f|0| 0 fre|d |
| 040 | |aCaOODSP|bfre |
| 043 | |an-cn--- |
| 086 | 1 |aA22-165/1-1997F-PDF |
| 110 | 1 |aCanada. |bAgriculture et agroalimentaire Canada. |bDirection générale des communications. |
| 245 | 10|aL'agriculture et l'agroalimentaire au rendez-vous de l'avenir. Établir une assise solide au Canada rural |h[ressource électronique] |
| 260 | |aOttawa - Ontario : |bAgriculture et Agroalimentaire Canada. |cRevise [sic] avril 1997. |
| 300 | |a6p. |
| 500 | |a«Digitized by the Internet Archive in 2012 with funding from Agriculture and Agri-Food Canada - Agriculture et Agroalimentaire Canada»--p. 2 de 6. |
| 590 | |a15-01-Supp|b2015-01-26 |
| 691 | 07|aDéveloppement rural|2gcpds |
| 691 | 07|aIndustrie agro-alimentaire|2gcpds |
| 775 | 08|tAgriculture and Agri-food moving forward. Building a strong foundation for rural Canada |w(CaOODSP)9.699635 |
| 856 | 40|ahttp://publications.gc.ca|qPDF|s383 Ko|uhttps://publications.gc.ca/collections/collection_2014/aac-aafc/agrhist/A22-165-1-1997-fra.pdf |
| 986 | |a1932F |